The Sacraments of Iniation (Record no. 137383)

MARC details
000 -LEADER
fixed length control field 00625nam a22001817a 4500
003 - CONTROL NUMBER IDENTIFIER
control field OSt
005 - DATE AND TIME OF LATEST TRANSACTION
control field 20250816112508.0
008 - FIXED-LENGTH DATA ELEMENTS--GENERAL INFORMATION
fixed length control field 250816b |||||||| |||| 00| 0 eng d
020 ## - INTERNATIONAL STANDARD BOOK NUMBER
International Standard Book Number 978-93-82762-7
040 ## - CATALOGING SOURCE
Transcribing agency SBCL
082 ## - DEWEY DECIMAL CLASSIFICATION NUMBER
Classification number 265
Item number PIT-S
100 ## - MAIN ENTRY--PERSONAL NAME
Personal name Pittappllil,Francis
245 ## - TITLE STATEMENT
Title The Sacraments of Iniation
Remainder of title A Critical Study of Baptismal Memra in Exposition of the Church Services of the Anonymous Author of the th Century
260 ## - PUBLICATION, DISTRIBUTION, ETC.
Place of publication, distribution, etc. Kottyam
Name of publisher, distributor, etc. Oriental Institute of Religious Studies India
Date of publication, distribution, etc. 2020
300 ## - PHYSICAL DESCRIPTION
Extent 191p.
650 ## - SUBJECT ADDED ENTRY--TOPICAL TERM
Topical term or geographic name entry element Christian organization, social work & worship
942 ## - ADDED ENTRY ELEMENTS (KOHA)
Koha item type BOOK
650 ## - SUBJECT ADDED ENTRY--TOPICAL TERM
Source of heading or term Religion
Holdings
Withdrawn status Lost status Source of classification or shelving scheme Damaged status Not for loan Home library Current library Date acquired Cost, normal purchase price Total Checkouts Full call number Barcode Shelving location Date last seen Price effective from Koha item type
    Dewey Decimal Classification     SB LIBRARY SB LIBRARY 16/08/2025 150.00   265 PIT-S CC0048 GENERAL STACK 16/08/2025 16/08/2025 BOOK

Powered by Koha